000 00582nam a2200241 a 4500
001 0001-1227
003 ELIB.Books
008 150529 2010 eng
020 _aKBTS
035 _a(ELIB.Books)0001-1382
092 _aFic
_bHea
100 _aHeatherley, Joyce Landorf.
245 _aThe Inheritance
260 _aTexas
_bBalcony Publishing
_c1966
300 _a173
_c21.5 Cm
500 _aLibrary
650 _aFiction
856 _nKBTS: Library
_uKBTS: Elib
942 _2ddc
_cBK
990 _a1
998 _cbat
_e2015-05-29
999 _c11227
_d11227